Recent Trends in Education: (Record no. 182724)

MARC details
000 -LEADER
fixed length control field 00589nam a22001817a 4500
005 - DATE AND TIME OF LATEST TRANSACTION
control field 20211202155435.0
010 ## - LCCN (DPL NO)
LC control number ENG-130179
020 ## - INTERNATIONAL STANDARD BOOK NUMBER
International Standard Book Number 978-81-947388-2-4
Terms of availability 400.00
035 ## - SYSTEM CONTROL NUMBER
System control number EN-113711
037 ## - SOURCE OF ACQUISITION
Source of stock number/acquisition DBAD/PUB
082 ## - DEWEY DECIMAL CLASSIFICATION NUMBER
Classification number 370
100 ## - MAIN ENTRY--PERSONAL NAME
Personal name Mohanasundaram, K.
245 ## - TITLE STATEMENT
Title Recent Trends in Education:
Statement of responsibility, etc K. Mohanasundaram
260 ## - PUBLICATION, DISTRIBUTION, ETC. (IMPRINT)
Place of publication, distribution, etc Gujarat
Date of publication, distribution, etc 2020
Name of publisher, distributor, etc Krishna Publication House
270 ## - ADDRESS
City Gujarat
Address 303, Yashkunj Apartment, Devbaug, Anantwadi, Bhavnagar
Postal code 364002
Electronic mail address krishnapublication62@gmail.com
300 ## - PHYSICAL DESCRIPTION
Extent 136p.
Dimensions 21cm(hbk)
942 ## - ADDED ENTRY ELEMENTS (KOHA)
Source of classification or shelving scheme Dewey Decimal Classification
Item type English Books
Classification part 370
Call number suffix MOH
Holdings
Withdrawn status Lost status Not for loan Collection code Home library Current library Date acquired Source of acquisition Cost, normal purchase price Full call number Barcode Copy number Cost, replacement price Koha item type
      Non-fiction Shahdara Branch Shahdara Branch 02/12/2021 DBAD/PUB 300.00 370 MOH EN-113711 1 300.00 English Books

© Delhi Public Library
Hit Counter
free hit counter